|
|
|
|
| LEADER |
00809nam a22002292a 4500 |
| 001 |
001250330 |
| 003 |
CZ BrMZK |
| 005 |
20120919110609.0 |
| 007 |
ta |
| 008 |
120919s1974 xo er|||||||||||slo d |
| 040 |
|
|
|a BOA001
|b cze
|
| 100 |
1 |
|
|a Kapiaš, Martin
|7 jx20050728021
|4 com
|
| 245 |
1 |
0 |
|a Úsvit našej hviezdy :
|b repertoárový zborník k 30. výročiu Slovenského národného povstania /
|c zostavil Martin Kapiaš
|
| 250 |
|
|
|a 1. vyd.
|
| 260 |
|
|
|a Bratislava :
|b Obzor,
|c 1974
|
| 300 |
|
|
|a 137 s.
|
| 504 |
|
|
|a Obsahuje bibliografii
|
| 710 |
2 |
|
|a Svaz československo-sovětského přátelství.
|b Slovenský ústredný výbor
|
| 910 |
|
|
|a BOA001
|b 2-0720.953
|
| 990 |
|
|
|a BK
|
| 991 |
|
|
|b 201209
|
| 996 |
7 |
|
|b 2619653744
|c 2-0720.953
|l Sklad H1
|r Sklad / do 24 hodin
|n 0
|h HS212
|w 001284435
|u 000010
|a 1
|e BOA001
|j MZK50
|s A
|